000 00652nam a2200193 a 4500
005 20220819093604.0
008 030624s1976 mx r 000 0 spa d
035 _aUPN01000126666
049 _aCG
050 4 _aAC75
_bS4 no.299-300
100 1 _aBrown, Thomas A.
245 1 3 _aLa Academia de San Carlos de la Nueva España /
_cThomas A. Brown ; tr. María Emilia Martínez Deffis.
260 _aMéxico :
_bSEP,
_c1976.
300 _a2 v.
440 0 _aSepSetentas ;
_v299-300
505 8 _aContenido:
_gv.1.
_tFundación y organización --
_gv.2.
_tLa Academia de 1792 a 1810
610 2 7 _aAcademia de San Carlos (México)
_2
_915283
905 _aLibro
999 _c98845
_d98845